Berlin City Trivia - Statistics

General Stats
  • This quiz has been taken 13,288 times
    11,937 since last reset
  • The average score is 12 of 20
Answer Stats
Hint Answer % Correct
Symbol of the Cold War which fell in 1989 Berlin {Wall}
99%
Most famous border crossing between East Berlin and West Berlin Checkpoint {Charlie}
86%
Landmark topped by a quadriga {Brandenburg} Gate
84%
City which Berlin replaced as the capital of Germany in 1990 Bonn
81%
Person who said "Ich bin ein Berliner" John F. Kennedy
79%
Kingdom led by Frederick the Great with Berlin as its capital Prussia
74%
Foreign capital which lies closest to Berlin Prague
72%
Type of animal on Berlin's coat of arms Bear
67%
Seat of the German parliament which had a fire in 1933 {Reichstag} Building
67%
Large public square named for a Russian tsar {Alexander}platz
60%
Nearby city which hosted a post-war conference in 1945 Potsdam
59%
A Berliner is either a citizen of Berlin or this type of food Jelly doughnut
58%
Sausage that comes with ketchup flavored with an Indian spice Currywurst
57%
Irish rock band who recorded their album "Achtung, Baby!" in Berlin U2
56%
African-American athlete who won four gold medals at the 1936 Olympics Jesse Owens
55%
Type of building that finally opened in 2020 after fourteen years of delays and skyrocketing costs Airport
38%
Berlin's two major rivers (name either) Havel | Spree
36%
1972 Liza Minnelli movie about a 1930s nightclub singer Cabaret
35%
Mayor of Berlin who later became Chancellor and won the 1971 Nobel Peace Prize Willy Brandt
31%
Former electronic dance festival (1989–2006) {Love} Parade
26%
No matching quizzes found
Score Distribution
Percent of People with Each Score
Percentile by Number Answered
Your Score History
You have not taken this quiz since the last reset